000 nam a22 a 4500
999 _c436
_d436
005 20170503163328.0
008 170503b1993 M ||||| |||| 00| 0 may d
020 _cRM3.00 (kkt.)
040 _aAKMAL
082 0 4 _a016.77853 DAF
090 _a016.77853
_bDAF
245 0 0 _aDaftar Filem Melayu 1933-1993 /
_cpenyunting Jamil Sulong, Hamzah Hussein, Abdul Malik Mokhtar
260 _aUlu Klang :
_bPerbadanan Kemajuan Filem Nasional Malaysia ,
_c1993
300 0 0 _ajil. (mukasurat pelbagai) :
_bil. ;
_c23cm
650 0 _aMoving
_xPictures
_xCatalogs
_91014
650 0 _aMotion pictures
_xCatalogs
_91015
700 0 _aJamil Sulong,
_cDatuk,
_d1926-
_91016
700 0 _aHamzah Hussein
_91017
700 0 _aAbdul Malik Mokhtar
_91018
710 2 _aPerbadanan Kemajuan Filem Nasional Malaysia
_91019
942 _2ddc
_cBOOK